000 00461nam a22001457a 4500
003 LK-CoMWRAF
005 20240217000901.0
008 231212b |||||||| |||| 00| 0 eng d
040 _aLK-CoMWRAF
_dLK-CoMWRAF
_eLK-CoMWRAF
041 _atam
082 _a300
_bPEN
245 _aபெண்களும் தொடர்பு உளடகநு்களும்
260 _aColombo :
_bMuslim Women's Research and Action Forum - MWRAF,
_c1990
942 _cBK
999 _c4358
_d4358